[Event "Olimpiade 2022 - Open"]
[Site "Chennai"]
[Date "06.08.2022"]
[Round "8.9"]
[Board "2"]
[White "Brkic, Ante"]
[Black "Juksta, Karolis"]
[Result "1-0"]
[WhiteTitle "GM"]
[BlackTitle "FM"]
[WhiteElo "2611"]
[BlackElo "2412"]
[WhiteTeam "Croatia"]
[BlackTeam "Lithuania"]
[WhiteFideId "14506688"]
[BlackFideId "12809039"]
[EventDate "2022.07.29"]

1. e4 e6 2. d4 d5 3. Nc3 dxe4 4. Nxe4 Nd7 5. Nf3 Ngf6 6. Bg5 h6 7. Bh4 c5 8. c3
Be7 9. Bxf6 gxf6 10. d5 exd5 11. Qxd5 Nb6 12. Bb5+ Kf8 13. Qxd8+ Bxd8 14. Nxc5
Rg8 15. g3 Be7 16. Nb3 Be6 17. Nbd4 Bd5 18. a4 Nc4 19. Bxc4 Bxc4 20. O-O-O a5
21. Rhe1 Bc5 22. Nh4 Re8 23. Rxe8+ Kxe8 24. Nhf5 h5 25. f4 Be6 26. Nxe6 fxe6 27.
Nd6+ Ke7 28. Nxb7 Be3+ 29. Kc2 h4 30. Nxa5 f5 31. Nc6+ Kf6 32. a5 1-0

[Event "Olimpiade 2022 - Open"]
[Site "Chennai"]
[Date "06.08.2022"]
[Round "8.9"]
[Board "3"]
[White "Pultinevicius, Paulius"]
[Black "Kozul, Zdenko"]
[Result "1-0"]
[WhiteTitle "GM"]
[BlackTitle "GM"]
[WhiteElo "2539"]
[BlackElo "2602"]
[WhiteTeam "Lithuania"]
[BlackTeam "Croatia"]
[WhiteFideId "12809390"]
[BlackFideId "14502879"]
[EventDate "2022.07.29"]

1. d4 Nf6 2. c4 g6 3. Nc3 Bg7 4. e4 d6 5. Nf3 O-O 6. Be2 Na6 7. O-O e5 8. Re1 c6
9. d5 Nc5 10. Qc2 a5 11. Bg5 Bd7 12. Nd2 Qc7 13. Nb3 Na6 14. Rad1 a4 15. Nc1
cxd5 16. Bxf6 Nb4 17. Nxd5 Nxc2 18. Nxc7 Bxf6 19. Nxa8 Rxa8 20. Rd3 d5 21. Rxd5
Nxe1 22. Rxd7 Bg5 23. Rd1 Nc2 24. Nd3 f6 25. Bg4 h5 26. Be6+ Kf8 27. Bd5 Ra7 28.
g3 Bh6 29. f4 a3 30. b4 b6 31. Rd2 Nd4 32. Rf2 exf4 33. gxf4 Rg7 34. h4 Ke8 35.
Kf1 Rc7 36. Rg2 Rg7 37. Rf2 Re7 38. Kg2 Bf8 39. Rd2 Rc7 40. Kf2 Nc6 41. Bxc6+
Rxc6 42. Rc2 f5 43. Ne5 Re6 44. c5 bxc5 45. bxc5 Bg7 46. c6 Bxe5 47. fxe5 Kd8
48. Rc5 fxe4 49. c7+ Kc8 50. Ke3 Rb6 51. Rc4 Rb7 52. e6 1-0

[Event "Olimpiade 2022 - Open"]
[Site "Chennai"]
[Date "06.08.2022"]
[Round "8.10"]
[Board "2"]
[White "Nguyen, Thai Dai Van"]
[Black "Subelj, Jan"]
[Result "1/2-1/2"]
[WhiteTitle "GM"]
[BlackTitle "IM"]
[WhiteElo "2629"]
[BlackElo "2498"]
[WhiteTeam "Czech Republic"]
[BlackTeam "Slovenia"]
[WhiteFideId "358878"]
[BlackFideId "14618583"]
[EventDate "2022.07.29"]

1. c4 e5 2. g3 Nf6 3. Bg2 c6 4. d4 e4 5. Bg5 d5 6. Bxf6 Qxf6 7. Nc3 Qd8 8. e3
Be6 9. Nge2 Bd6 10. Qb3 Qb6 11. cxd5 Qxb3 12. axb3 cxd5 13. Nf4 Bxf4 14. gxf4
Nc6 15. f5 Bxf5 16. Nxd5 O-O-O 17. Nc3 Kb8 18. Ra4 Rhe8 19. O-O Bg6 20. Rfa1 f5
21. b4 a6 22. b5 axb5 23. Nxb5 Kc8 24. Rc4 Kb8 25. Rca4 Kc8 26. Rc4 Kb8 27. Rc5
Re7 28. Bh3 Nb4 29. Nc3 Na6 30. Rca5 Rf7 31. Nd5 Nc7 32. Nxc7 Kxc7 33. Rc5+ Kb8
34. Rca5 Rf6 35. Ra8+ Kc7 36. Rc1+ Rc6 37. Rxc6+ bxc6 38. Ra5 Rf8 39. Ra7+ Kd6
40. Kg2 Rb8 41. Rxg7 Rxb2 42. Ra7 Rc2 43. Kg3 c5 44. Ra6+ Ke7 45. dxc5 Rxc5 46.
Ra2 Kf6 47. Kf4 Bf7 48. Rb2 1/2-1/2

[Event "Olimpiade 2022 - Open"]
[Site "Chennai"]
[Date "06.08.2022"]
[Round "8.10"]
[Board "3"]
[White "Markoja, Boris"]
[Black "Hracek, Zbynek"]
[Result "1/2-1/2"]
[WhiteTitle "IM"]
[BlackTitle "GM"]
[WhiteElo "2452"]
[BlackElo "2555"]
[WhiteTeam "Slovenia"]
[BlackTeam "Czech Republic"]
[WhiteFideId "14608502"]
[BlackFideId "300071"]
[EventDate "2022.07.29"]

1. d4 d5 2. Nc3 Nf6 3. Bf4 c5 4. e4 cxd4 5. Qxd4 Nc6 6. Bb5 Bd7 7. Bxc6 Bxc6 8.
e5 Ne4 9. e6 Qb6 10. Qxb6 axb6 11. Nxe4 dxe4 12. exf7+ Kxf7 13. Ne2 e6 14. O-O
Be7 15. a3 b5 16. c3 g5 17. Be3 e5 18. Ng3 h5 19. Rfe1 h4 20. Nf5 Bf6 21. g4
Rhd8 22. h3 Rd3 23. Rac1 Rad8 24. Bb6 Rxh3 25. Be3 Rd3 26. c4 bxc4 27. Rxc4 Kg6
28. Rxc6 bxc6 29. a4 Bd8 30. b4 Rb3 31. Kg2 Rhxe3 32. fxe3 Rxb4 33. Rd1 Ba5 34.
Rd6+ Kf7 35. Rxc6 Rxa4 36. Ra6 Ra2+ 37. Kh3 Ra3 38. Nd6+ Kf8 39. Nc4 Rc3 40.
Rxa5 Rxc4 41. Rxe5 Rc3 42. Rxg5 Rxe3+ 43. Kxh4 Re1 1/2-1/2

[Event "Olimpiade 2022 - Open"]
[Site "Chennai"]
[Date "06.08.2022"]
[Round "8.10"]
[Board "4"]
[White "Michalik, Peter"]
[Black "Dobrovoljc, Vid"]
[Result "1/2-1/2"]
[WhiteTitle "GM"]
[BlackTitle "FM"]
[WhiteElo "2559"]
[BlackElo "2398"]
[WhiteTeam "Czech Republic"]
[BlackTeam "Slovenia"]
[WhiteFideId "14907526"]
[BlackFideId "14609843"]
[EventDate "2022.07.29"]

1. e4 c5 2. Nf3 Nc6 3. d4 cxd4 4. Nxd4 Nf6 5. Nc3 e5 6. Ndb5 d6 7. Nd5 Nxd5 8.
exd5 Ne7 9. c3 Nf5 10. Bd3 Be7 11. O-O O-O 12. a4 Bd7 13. Kh1 g6 14. Na3 Rc8 15.
Nc4 Ng7 16. Be3 b6 17. a5 Nf5 18. Bd2 e4 19. Be2 Rc5 20. axb6 axb6 21. Ne3 Bg5
22. Nxf5 Bxf5 23. Bxg5 Qxg5 24. Qd4 Re8 25. b4 Rcc8 26. c4 Bg4 27. Bxg4 Qxg4 28.
Rac1 Rb8 29. c5 bxc5 30. bxc5 dxc5 31. Rxc5 Qe2 32. Rcc1 Qd3 33. Rfd1 Qxd4 34.
Rxd4 Kg7 35. d6 Red8 36. Rxe4 Rxd6 37. Re2 1/2-1/2

[Event "Olimpiade 2022 - Open"]
[Site "Chennai"]
[Date "06.08.2022"]
[Round "8.11"]
[Board "1"]
[White "Henriquez Villagra, Cristobal"]
[Black "Deac, Bogdan-Daniel"]
[Result "1/2-1/2"]
[WhiteTitle "GM"]
[BlackTitle "GM"]
[WhiteElo "2620"]
[BlackElo "2692"]
[WhiteTeam "Chile"]
[BlackTeam "Romania"]
[WhiteFideId "3409350"]
[BlackFideId "1226380"]
[EventDate "2022.07.29"]

1. d4 Nf6 2. Nf3 d5 3. Bf4 c5 4. e3 Nc6 5. Nbd2 cxd4 6. exd4 Nh5 7. Be3 g6 8. h3
Qc7 9. c4 Be6 10. Ng5 Bg7 11. Nxe6 fxe6 12. Nb3 O-O 13. Rc1 Qd6 14. Be2 Nf4 15.
O-O Rad8 16. Bf3 dxc4 17. Rxc4 Nd5 18. Nc5 b5 19. Ne4 Qc7 20. Rc5 Qb6 21. Kh1
Nxe3 22. fxe3 Nxd4 23. exd4 Rxd4 24. Qb3 Rxe4 25. Rxb5 Qe3 26. Qxe3 Rxe3 27. Rb7
a5 28. Rd1 Bf6 29. b4 axb4 30. Rxb4 Ra3 31. Bg4 Kf7 32. Re4 e5 33. Be2 Rb8 34.
Bc4+ Kg7 35. Bb3 h5 36. h4 Raxb3 37. axb3 Rxb3 38. Rf1 Rd3 39. Kh2 Rd4 40. Rxd4
exd4 41. Kg3 e5 42. Re1 Kf7 43. Kf3 Ke6 44. Ke4 Bxh4 45. Ra1 Bg3 46. Ra3 h4 47.
Ra6+ Kf7 48. Kf3 Bf4 49. Ke4 g5 50. Kf5 Ke7 51. Ke4 g4 52. Rg6 h3 53. Rxg4 h2
54. Rh4 Bg3 55. Rh6 Kf7 56. Rh3 Kf6 57. Rh5 Bf4 58. g4 Ke6 59. Rh3 Kd6 60. Rh8
Ke7 61. Rh3 Kf7 62. Rh5 Kf6 63. Kd3 Kf7 64. Ke4 Kg6 65. Kd3 Kf6 66. Ke4 Ke6 67.
Rh3 Kd7 68. Rh8 Kd6 69. Rh7 Ke6 70. Rh3 Kf6 1/2-1/2

[Event "Olimpiade 2022 - Open"]
[Site "Chennai"]
[Date "06.08.2022"]
[Round "8.11"]
[Board "2"]
[White "Parligras, Mircea-Emilian"]
[Black "Morovic Fernandez, Ivan"]
[Result "1-0"]
[WhiteTitle "GM"]
[BlackTitle "GM"]
[WhiteElo "2576"]
[BlackElo "2489"]
[WhiteTeam "Romania"]
[BlackTeam "Chile"]
[WhiteFideId "1204297"]
[BlackFideId "3405400"]
[EventDate "2022.07.29"]

1. d4 d5 2. c4 c6 3. Nf3 Nf6 4. e3 Bg4 5. h3 Bxf3 6. Qxf3 e6 7. Nc3 Bb4 8. Bd3
Nbd7 9. O-O O-O 10. a3 Bxc3 11. bxc3 e5 12. Qd1 e4 13. Be2 Nb6 14. c5 Nc4 15.
Rb1 b5 16. cxb6 axb6 17. a4 Qc7 18. Bxc4 dxc4 19. Rb4 c5 20. Rxc4 Qc6 21. dxc5
bxc5 22. Ba3 Nd7 23. f3 exf3 24. Qxf3 Qb6 25. Qd5 Qb3 26. Bxc5 Nxc5 27. Rxf7
Rxf7 28. Qxa8+ Rf8 29. Qd5+ Kh8 30. Qxc5 Qb8 31. Rf4 Rd8 32. a5 h6 33. a6 Rd1+
34. Kh2 Qb1 35. a7 Rh1+ 36. Kg3 Qg6+ 37. Rg4 Qe8 38. Qd4 1-0

[Event "Olimpiade 2022 - Open"]
[Site "Chennai"]
[Date "06.08.2022"]
[Round "8.11"]
[Board "3"]
[White "Salinas Herrera, Pablo"]
[Black "Gavrilescu, David"]
[Result "1-0"]
[WhiteTitle "GM"]
[BlackTitle "IM"]
[WhiteElo "2526"]
[BlackElo "2525"]
[WhiteTeam "Chile"]
[BlackTeam "Romania"]
[WhiteFideId "3407128"]
[BlackFideId "1227190"]
[EventDate "2022.07.29"]

1. d4 d5 2. c4 e6 3. Nc3 Nf6 4. Nf3 Bb4 5. e3 O-O 6. Bd2 c5 7. a3 Bxc3 8. Bxc3
cxd4 9. Nxd4 Re8 10. Qc2 e5 11. Nf3 Nbd7 12. cxd5 Nxd5 13. Rd1 Nxc3 14. Qxc3 Qe7
15. Bb5 e4 16. Nd4 Qe5 17. O-O a6 18. Bxd7 Bxd7 19. Qb4 a5 20. Qb6 Ra6 21. Qxb7
Rh6 22. h3 Bxh3 23. f4 exf3 24. Rxf3 Qh2+ 25. Kxh2 Bc8+ 26. Kg1 Bxb7 27. Rf5 Rg6
28. Rd2 h6 29. Rxa5 Rxe3 30. Ra7 Rb6 31. b4 Re1+ 32. Kh2 Bc6 33. a4 Be8 34. b5
Re4 35. a5 Rb8 36. b6 Kh7 37. b7 Bd7 38. a6 Ree8 39. Re2 Red8 40. Re7 Ba4 41.
Rxf7 Kg6 42. Ne6 Rh8 43. Rf8 Bc6 44. Ra8 1-0

[Event "Olimpiade 2022 - Open"]
[Site "Chennai"]
[Date "06.08.2022"]
[Round "8.11"]
[Board "4"]
[White "Jianu, Vlad-Cristian"]
[Black "Lopez Silva, Hugo"]
[Result "1/2-1/2"]
[WhiteTitle "GM"]
[WhiteElo "2511"]
[BlackElo "2403"]
[WhiteTeam "Romania"]
[BlackTeam "Chile"]
[WhiteFideId "1208110"]
[BlackFideId "3403874"]
[EventDate "2022.07.29"]

1. d4 Nf6 2. Nf3 g6 3. g3 Bg7 4. Bg2 O-O 5. O-O d5 6. c4 c6 7. b3 dxc4 8. bxc4
c5 9. Bb2 cxd4 10. Nxd4 Na6 11. Nc3 Nd7 12. Rc1 Ndc5 13. Nb3 Be6 14. Ba3 Qb6 15.
Nxc5 Nxc5 16. Na4 Nxa4 17. Qxa4 Qc7 18. Qb4 Rac8 19. Qxe7 Qxe7 20. Bxe7 Rfe8 21.
Bg5 Rxc4 22. Bxb7 Rxc1 23. Rxc1 Bxa2 24. Be3 h5 25. Rc5 Rb8 26. Ra5 Rxb7 27.
Rxa2 Rb2 28. Rxb2 Bxb2 29. Bxa7 f5 30. Kg2 Kf7 31. Kf3 Be5 32. h3 Ke6 33. Be3
Kd5 34. g4 hxg4+ 35. hxg4 Ke6 36. Bf4 Bd4 37. Kg3 Bc5 38. e3 Be7 39. Bc7 Bg5 40.
Kf3 Bh4 1/2-1/2

[Event "Olimpiade 2022 - Open"]
[Site "Chennai"]
[Date "06.08.2022"]
[Round "8.12"]
[Board "2"]
[White "Can, Emre"]
[Black "Noritsyn, Nikolay"]
[Result "1-0"]
[WhiteTitle "GM"]
[BlackTitle "IM"]
[WhiteElo "2606"]
[BlackElo "2482"]
[WhiteTeam "Turkey"]
[BlackTeam "Canada"]
[WhiteFideId "6302181"]
[BlackFideId "2604922"]
[EventDate "2022.07.29"]

1. d4 d5 2. c4 dxc4 3. Nf3 a6 4. e3 Bg4 5. Bxc4 e6 6. h3 Bh5 7. Nc3 Nc6 8. O-O
Nf6 9. Re1 Be7 10. a3 O-O 11. Bf1 b5 12. g4 Bg6 13. Nh4 b4 14. Nxg6 hxg6 15. Na4
Qd7 16. Qc2 Bd6 17. Bd2 bxa3 18. bxa3 Na7 19. Bg2 Rab8 20. Nc5 Qc8 21. a4 Nd5
22. Rab1 Rb6 23. Rec1 Rd8 24. Bf1 Rc6 25. Qb3 Bxc5 26. dxc5 Nf6 27. Ba5 Nd5 28.
Qb7 Qxb7 29. Rxb7 Nc8 30. e4 Nde7 31. Rxc7 Rd4 32. Rxc6 Nxc6 33. Bxa6 N8e7 34.
Bb6 Rxa4 35. Bc4 Ne5 36. Bf1 Rxe4 37. Bc7 N5c6 38. Bd6 Nd5 39. Ra1 Ndb4 40. Kg2
f5 41. Ra8+ Kh7 42. g5 Nd4 43. Ba6 Re1 44. Bb7 Rc1 45. Ra4 Rb1 46. Be5 Ndc2 47.
Bc3 Nd5 48. Bxd5 exd5 49. c6 Ne1+ 50. Kf1 Nf3+ 51. Ke2 Rb6 52. Kxf3 Rb3 53. Rc4
dxc4 54. c7 Rxc3+ 55. Kg2 Rd3 56. c8=Q Rd4 57. Kg3 Rd3+ 58. f3 Rc3 59. h4 Rc1
60. h5 c3 61. hxg6+ Kxg6 62. Qe6+ Kh5 63. Qf7+ Kxg5 64. Qxg7+ Kh5 65. Kf4 1-0

[Event "Olimpiade 2022 - Open"]
[Site "Chennai"]
[Date "06.08.2022"]
[Round "8.13"]
[Board "1"]
[White "Indjic, Aleksandar"]
[Black "Gretarsson, Hjorvar Steinn"]
[Result "1-0"]
[WhiteTitle "GM"]
[BlackTitle "GM"]
[WhiteElo "2620"]
[BlackElo "2563"]
[WhiteTeam "Serbia"]
[BlackTeam "Iceland"]
[WhiteFideId "911925"]
[BlackFideId "2302241"]
[EventDate "2022.07.29"]

1. d4 Nf6 2. c4 e6 3. Nc3 Bb4 4. Qc2 O-O 5. Nf3 d6 6. g3 Nc6 7. a3 Bxc3+ 8. Qxc3
e5 9. Bg2 e4 10. Nd2 d5 11. e3 Be6 12. b3 a5 13. Bb2 Re8 14. h3 a4 15. bxa4 Qd7
16. Qc2 Na5 17. cxd5 Bxd5 18. O-O h5 19. Rac1 Re7 20. Qd1 Qe6 21. Rc5 b6 22. Rb5
Nb7 23. Bc3 Nd6 24. Rb2 h4 25. Bb4 Rd7 26. a5 bxa5 27. Bc5 a4 28. Rb4 Nb7 29.
Qc2 Re8 30. gxh4 Bc6 31. Rfb1 Nxc5 32. Qxc5 Rd5 33. Qc4 Rh5 34. Rb8 Rd5 35. Qc2
Rdd8 36. Rxd8 Rxd8 37. Rc1 Bd5 38. Qxc7 Re8 39. Nf1 Qa6 40. Ng3 Qe6 41. Rc5 Qa6
42. h5 Qd3 43. h6 Qxa3 44. Qf4 Re6 45. Rc8+ Ne8 46. Qg5 1-0

[Event "Olimpiade 2022 - Open"]
[Site "Chennai"]
[Date "06.08.2022"]
[Round "8.13"]
[Board "2"]
[White "Stefansson, Hannes"]
[Black "Ivic, Velimir"]
[Result "1/2-1/2"]
[WhiteTitle "GM"]
[BlackTitle "GM"]
[WhiteElo "2541"]
[BlackElo "2581"]
[WhiteTeam "Iceland"]
[BlackTeam "Serbia"]
[WhiteFideId "2300087"]
[BlackFideId "950122"]
[EventDate "2022.07.29"]

1. e4 c5 2. Nf3 Nc6 3. Bb5 g6 4. Bxc6 bxc6 5. O-O Bg7 6. Re1 Qc7 7. h3 d6 8. c3
Nf6 9. d4 cxd4 10. cxd4 O-O 11. Nc3 c5 12. e5 dxe5 13. dxe5 Rd8 14. Qe2 Nd5 15.
Nxd5 Rxd5 16. Bf4 Bf5 17. Rad1 Qb7 18. Rxd5 Qxd5 19. b3 Rd8 20. Qe3 a5 21. Rc1
Rc8 22. Nd2 a4 23. Nc4 axb3 24. axb3 Qb7 25. Nd2 Qd5 26. Rc4 Bd3 27. Rc3 Ba6 28.
Rc1 Bb7 29. Nf3 f6 30. exf6 exf6 31. Qc3 Qd7 32. Re1 g5 33. Bg3 h5 34. h4 g4 35.
Nd2 Kh8 36. Bf4 Qf5 37. Qg3 Rd8 38. Be3 Bf8 39. Nc4 Ba8 40. Bc1 Kg8 41. Qc7 Qd5
42. Ne3 Qd6 43. Qxd6 Rxd6 44. Nc4 Rd3 45. Re8 Bc6 46. Rc8 Bd7 47. Rd8 Bf5 48.
Rxd3 Bxd3 49. Nb6 Kf7 50. Nd7 Bc2 51. Nxf8 Kxf8 52. Ba3 1/2-1/2

[Event "Olimpiade 2022 - Open"]
[Site "Chennai"]
[Date "06.08.2022"]
[Round "8.13"]
[Board "3"]
[White "Markus, Robert"]
[Black "Kjartansson, Gudmundur"]
[Result "1-0"]
[WhiteTitle "GM"]
[BlackTitle "GM"]
[WhiteElo "2616"]
[BlackElo "2448"]
[WhiteTeam "Serbia"]
[BlackTeam "Iceland"]
[WhiteFideId "921637"]
[BlackFideId "2301318"]
[EventDate "2022.07.29"]

1. Nf3 d5 2. g3 g6 3. Bg2 Bg7 4. O-O e5 5. d3 Ne7 6. Nbd2 O-O 7. c3 c5 8. e4
Nbc6 9. exd5 Nxd5 10. Re1 Qc7 11. Qb3 Nde7 12. Nc4 Bf5 13. Be3 Bxd3 14. Bxc5 Na5
15. Nxa5 Qxc5 16. Nxb7 Qc7 17. Qa3 e4 18. Nc5 exf3 19. Nxd3 fxg2 20. Qxe7 Qxe7
21. Rxe7 Rfd8 22. Re3 Rd6 23. Rae1 Kf8 24. Kxg2 Rb8 25. R1e2 Ra6 26. Nc5 Rd6 27.
Re7 1-0

[Event "Olimpiade 2022 - Open"]
[Site "Chennai"]
[Date "06.08.2022"]
[Round "8.13"]
[Board "4"]
[White "Gretarsson, Helgi Ass"]
[Black "Ivanisevic, Ivan"]
[Result "1/2-1/2"]
[WhiteTitle "GM"]
[BlackTitle "GM"]
[WhiteElo "2472"]
[BlackElo "2561"]
[WhiteTeam "Iceland"]
[BlackTeam "Serbia"]
[WhiteFideId "2300699"]
[BlackFideId "912417"]
[EventDate "2022.07.29"]

1. c4 e5 2. Nc3 Nf6 3. Nf3 Nc6 4. e3 d6 5. d4 Bd7 6. Be2 g6 7. d5 Ne7 8. c5 Bg7
9. cxd6 cxd6 10. e4 O-O 11. Nd2 Ne8 12. a4 f5 13. Nc4 fxe4 14. Nxe4 Nf5 15. Bg5
Qb8 16. O-O Nf6 17. Bxf6 Bxf6 18. g4 Nd4 19. Ncxd6 Be7 20. Nb5 Bxb5 21. axb5 Rf4
22. f3 Bd8 23. Kg2 Bb6 24. Bd3 Qf8 25. Ra4 Kh8 26. Nc3 Rd8 27. Be4 Qc5 28. Qd3
Rc8 29. Ne2 Nc2 30. Kh3 Rff8 31. d6 Nd4 32. Nxd4 exd4 33. Bxb7 Rcd8 34. Qa3 Qxb5
35. Ba6 Qe5 36. Bd3 Rxd6 37. Kg2 Rdf6 38. Be4 h5 39. gxh5 gxh5 40. Qd3 Bc7 41.
Rh1 Qg5+ 42. Kf2 Rg8 43. Ke1 Qc1+ 44. Qd1 Qe3+ 45. Qe2 Bb6 46. Kd1 Rc8 47. Qxe3
dxe3 48. Ra3 Rd8+ 49. Rd3 Rxd3+ 50. Bxd3 Rxf3 51. h3 h4 52. Be2 Rg3 53. Kc2 Kg7
54. Kd3 Kg6 55. b3 Kg5 56. Ke4 Rg2 57. Bc4 Rg3 58. Be2 Kf6 59. Rf1+ Ke7 60. Bg4
Rg2 61. Kd3 Rd2+ 62. Kc3 Bd4+ 63. Kc4 Bf6 64. Rf4 Rc2+ 65. Kd5 Rc3 66. Ra4 Rxb3
67. Rxa7+ Kf8 68. Ke6 Bd4 69. Rf7+ Kg8 70. Rd7 Bg7 71. Kf5 Rb5+ 72. Kg6 Rb6+ 73.
Kg5 Bf6+ 74. Kf4 Kf8 1/2-1/2

[Event "Olimpiade 2022 - Open"]
[Site "Chennai"]
[Date "06.08.2022"]
[Round "8.14"]
[Board "1"]
[White "Paragua, Mark"]
[Black "Mastrovasilis, Dimitrios"]
[Result "1/2-1/2"]
[WhiteTitle "GM"]
[BlackTitle "GM"]
[WhiteElo "2461"]
[BlackElo "2599"]
[WhiteTeam "Philippines"]
[BlackTeam "Greece"]
[WhiteFideId "5201241"]
[BlackFideId "4202694"]
[EventDate "2022.07.29"]

1. e4 e5 2. Nf3 Nc6 3. Nc3 Nf6 4. d4 exd4 5. Nxd4 Bb4 6. Nxc6 bxc6 7. Bd3 d5 8.
Bd2 O-O 9. O-O Bxc3 10. Bxc3 dxe4 11. Bxf6 Qxf6 12. Bxe4 Qxb2 13. Bxc6 Rb8 14.
Rb1 Qxb1 15. Qxb1 Rxb1 16. Rxb1 Rd8 17. Bf3 Kf8 18. Rb3 Be6 19. Rb7 c5 20. Rc7
Bxa2 21. Rxc5 Be6 22. Ra5 Rd2 23. Rxa7 Rxc2 24. h4 g6 25. g3 Kg7 26. Kg2 h5 27.
Ra6 Rb2 28. Ra5 Rb4 29. Rc5 Rb2 30. Ra5 Rb4 1/2-1/2

[Event "Olimpiade 2022 - Open"]
[Site "Chennai"]
[Date "06.08.2022"]
[Round "8.14"]
[Board "2"]
[White "Theodorou, Nikolas"]
[Black "Barcenilla, Rogelio"]
[Result "1-0"]
[WhiteTitle "GM"]
[BlackTitle "GM"]
[WhiteElo "2575"]
[BlackElo "2463"]
[WhiteTeam "Greece"]
[BlackTeam "Philippines"]
[WhiteFideId "4262875"]
[BlackFideId "5200059"]
[EventDate "2022.07.29"]

1. d4 Nf6 2. c4 g6 3. Nf3 Bg7 4. g3 O-O 5. Bg2 d6 6. O-O Nc6 7. Nc3 a6 8. b3 Rb8
9. d5 Na5 10. Bg5 b5 11. cxb5 axb5 12. b4 c5 13. bxa5 Qxa5 14. Rc1 b4 15. Bxf6
Bxf6 16. Ne4 Bg7 17. Rc2 Qa7 18. Ned2 Rb6 19. Qb1 Ra6 20. Rfc1 Bd7 21. Bf1 Ra8
22. e4 Rxa2 23. Rxa2 Qxa2 24. Bc4 Qxb1 25. Rxb1 Ra3 26. Kg2 Bc3 27. Nb3 f6 28.
h3 Ba4 29. Ng1 f5 30. exf5 gxf5 31. Ne2 Bf6 32. Nf4 Bd7 33. Ne6 Bc3 34. Rd1 Kh8
35. g4 Ba4 36. Rb1 fxg4 37. hxg4 h6 38. Kf3 Be8 39. Rh1 Ba4 40. Rb1 Be8 41. Ke3
Ba4 42. f4 Kg8 43. g5 hxg5 44. fxg5 Be5 45. Ke4 Be8 46. Kf5 Ra2 47. Rf1 Rc2 48.
Bd3 Rc3 49. Nbxc5 Bh5 50. Be4 b3 51. Nd3 Be2 52. Rf2 Bxd3 53. Bxd3 b2 54. Kg6
Rc8 55. Rf1 Rb8 56. Bb1 Rc8 57. Rf7 1-0

[Event "Olimpiade 2022 - Open"]
[Site "Chennai"]
[Date "06.08.2022"]
[Round "8.14"]
[Board "3"]
[White "Gomez, John Paul"]
[Black "Mastrovasilis, Athanasios"]
[Result "1/2-1/2"]
[WhiteTitle "GM"]
[BlackTitle "GM"]
[WhiteElo "2451"]
[BlackElo "2527"]
[WhiteTeam "Philippines"]
[BlackTeam "Greece"]
[WhiteFideId "5201381"]
[BlackFideId "4201990"]
[EventDate "2022.07.29"]

1. e4 e5 2. Nf3 Nc6 3. Bb5 Nf6 4. O-O Nxe4 5. Re1 Nd6 6. Nxe5 Be7 7. Bf1 Nxe5 8.
Rxe5 O-O 9. d4 Bf6 10. Re1 Re8 11. Rxe8+ Nxe8 12. c3 d5 13. Bd3 g6 14. Bf4 c6
15. Nd2 Ng7 16. Nf3 Bf5 17. Be5 Bxd3 18. Qxd3 Qe7 19. Bxf6 Qxf6 20. Re1 Re8 21.
Rxe8+ Nxe8 22. Qe2 Nd6 23. Qe5 Kg7 24. Qxf6+ Kxf6 25. Ne5 Ke6 26. Kf1 f6 27. Nd3
h5 28. Ke2 g5 29. Kf3 a5 30. Nc5+ Ke7 1/2-1/2

[Event "Olimpiade 2022 - Open"]
[Site "Chennai"]
[Date "06.08.2022"]
[Round "8.14"]
[Board "4"]
[White "Banikas, Hristos"]
[Black "Bersamina, Paulo"]
[Result "1/2-1/2"]
[WhiteTitle "GM"]
[BlackTitle "IM"]
[WhiteElo "2598"]
[BlackElo "2429"]
[WhiteTeam "Greece"]
[BlackTeam "Philippines"]
[WhiteFideId "4202031"]
[BlackFideId "5206995"]
[EventDate "2022.07.29"]

1. d4 Nf6 2. c4 g6 3. Nc3 d5 4. Nf3 Bg7 5. e3 O-O 6. a3 b6 7. Bd2 Bb7 8. Qc2
Nbd7 9. cxd5 Nxd5 10. Nxd5 Bxd5 11. Ba6 Bxf3 12. gxf3 e5 13. dxe5 Nxe5 14. O-O-O
Qh4 15. f4 Nd7 16. Bb4 Nc5 17. Bc4 a5 18. Bxc5 bxc5 19. a4 Rfd8 20. Rxd8+ Rxd8
21. Rd1 Rb8 22. b3 Qxh2 23. Rd2 Rf8 24. Qd1 Qh4 25. Qf3 Qf6 26. Kd1 Rd8 27.
Rxd8+ Qxd8+ 28. Ke2 Bc3 29. Qc6 Qd2+ 30. Kf1 Qd1+ 31. Kg2 Qg4+ 32. Kf1 Qd1+ 33.
Kg2 Kg7 34. Qxc7 Qg4+ 35. Kf1 Qd1+ 36. Kg2 Qg4+ 1/2-1/2

[Event "Olimpiade 2022 - Open"]
[Site "Chennai"]
[Date "06.08.2022"]
[Round "8.15"]
[Board "1"]
[White "Schitco, Ivan"]
[Black "Vocaturo, Daniele"]
[Result "1/2-1/2"]
[WhiteTitle "IM"]
[BlackTitle "GM"]
[WhiteElo "2490"]
[BlackElo "2616"]
[WhiteTeam "Moldova"]
[BlackTeam "Italy"]
[WhiteFideId "13905465"]
[BlackFideId "813192"]
[EventDate "2022.07.29"]

1. c4 c5 2. Nf3 Nc6 3. d4 cxd4 4. Nxd4 Nf6 5. Nc3 e6 6. e4 Bb4 7. Nxc6 bxc6 8.
Bd3 e5 9. O-O O-O 10. h3 d6 11. Na4 Ba5 12. a3 Bc7 13. Qf3 h6 14. b4 Be6 15. Be3
Kh8 16. Qe2 g5 17. g4 Rg8 18. f3 Nd7 19. b5 Ba5 20. c5 cxb5 21. Bxb5 Nxc5 22.
Nxc5 dxc5 23. Rac1 Bb6 24. Bc4 Qe7 25. Bxe6 Qxe6 26. Bxc5 Rgc8 27. Bxb6 axb6 28.
Qb2 Qd6 29. Rb1 Rc6 30. Rfd1 Qf6 31. Kg2 Rac8 32. Rbc1 Rxc1 33. Rxc1 Rc3 34.
Rxc3 1/2-1/2

[Event "Olimpiade 2022 - Open"]
[Site "Chennai"]
[Date "06.08.2022"]
[Round "8.15"]
[Board "2"]
[White "Lodici, Lorenzo"]
[Black "Macovei, Andrei"]
[Result "1-0"]
[WhiteTitle "GM"]
[BlackTitle "IM"]
[WhiteElo "2553"]
[BlackElo "2478"]
[WhiteTeam "Italy"]
[BlackTeam "Moldova"]
[WhiteFideId "884189"]
[BlackFideId "13904680"]
[EventDate "2022.07.29"]

1. f4 Nh6 2. Nf3 d5 3. g3 g6 4. Bg2 Bg7 5. d3 O-O 6. O-O d4 7. c3 c5 8. e4 Nc6
9. e5 Bf5 10. c4 Qd7 11. Na3 Nb4 12. Ne1 f6 13. exf6 exf6 14. Nac2 Nc6 15. Rb1
Rfe8 16. b4 Bf8 17. b5 Nd8 18. Bf3 Ndf7 19. Ng2 Nd6 20. a4 Kg7 21. a5 a6 22. Ba3
Rec8 23. b6 Ndf7 24. Na1 Re8 25. Nb3 Rac8 26. Qd2 Bg4 27. Bxg4 Nxg4 28. Rbe1 Ne3
29. Nxe3 dxe3 30. Qc3 Rcd8 31. Bxc5 Qxd3 32. Bxf8+ Kxf8 33. Qxd3 Rxd3 34. Nc5
Rd4 35. Nxb7 Rxc4 36. Rc1 Rb4 37. Rb1 Ree4 38. Rfc1 Rec4 39. Kg2 Rxb1 40. Rxb1
Ke8 41. Nc5 Nd8 42. b7 Nxb7 43. Nxb7 Kd7 44. Kf3 Rc3 45. Rb6 Rc6 46. Rb3 Kc7 47.
Kxe3 Rc2 48. h4 Ra2 49. Kd4 Kc6 50. Rb6+ Kc7 51. Nc5 1-0